| 000 | 00501nam a2200181Ia 4500 | ||
|---|---|---|---|
| 005 | 20250508151014.0 | ||
| 008 | 008 250505s9999 xx 000 0 eng d | ||
| 037 | _aTextual | ||
| 040 |
_aFEDL _beng _cFEDL |
||
| 041 |
_aeng _2eng |
||
| 084 |
_a371, NAT _qFEDL |
||
| 245 | 0 | _aIn-service growth of school personnel : Twenty-first yearbook | |
| 245 | 4 | _cThe National Elementary Principal | |
| 260 | _c1942 | ||
| 300 | _a576p. | ||
| 942 |
_cTEXL _h371, NAT |
||
| 999 |
_c1326992 _d1326992 |
||